| 000 | 00499nam a22001691a 4500 | ||
|---|---|---|---|
| 001 | 4365 | ||
| 003 | OSt | ||
| 005 | 20260204211928.0 | ||
| 008 | 050813s1983||||dr ||||||b||||||||||spa|| | ||
| 090 | _aPUCMM-83-005 | ||
| 100 | _aTejada A., José Manuel | ||
| 245 | _aSistema de suministro de semilla mejorada de habichuela roja / José Manuel Tejada A. y Justo Arnaldo Suárez Rodríguez | ||
| 264 | _aSanto Domingo: PUCMM | ||
| 502 | _aTesis (Agronomía) | ||
| 650 | _aAgronomíaÌ | ||
| 942 |
_2ddc _cTH |
||
| 999 |
_c4365 _d4365 |
||